The Mount Vernon Memorial Highway; history, design, and progress in construction under supervision of the Bureau of Public Roads
Descripción Física:
29 p. : il., map, plans ; 23 x 31 cm
Materias:
Mount Vernon Memorial Highway (Va.)
MARC
| LEADER | 00000nam a2200000Ia 4500 | ||
|---|---|---|---|
| 001 | 24416 | ||
| 008 | 160829s1930 xx 000 0 cat d | ||
| 080 | |a FU-67-4 | ||
| 100 | |a United States. Bureau of Public Roads |9 50471 | ||
| 245 | |a The Mount Vernon Memorial Highway; history, design, and progress in construction under supervision of the Bureau of Public Roads | ||
| 260 | |a Washington City : |b U.S. Govt. Print. Off., |c 1930 | ||
| 300 | |a 29 p. : |b il., map, plans ; |c 23 x 31 cm | ||
| 590 | |a Text en anglès. | ||
| 590 | |a En la coberta: "Description prepared for inspection trip of delegates to Sixth International Road Congress, October 8, 1930. | ||
| 650 | |a Mount Vernon Memorial Highway (Va.) | ||
| 856 | 4 | |u https://media.diba.cat/diba/fitxers/arxiu/fulletons/bib_24416_baixa.pdf |y Accés lliure | |
| 856 | 4 | |u https://media.diba.cat/diba/fitxers/arxiu/fulletons/bib_24416_baixa.pdf |y Accés lliure | |
| 901 | |a Arxiu | ||
| 942 | |n 1 |2 udc | ||
| 952 | |0 0 |1 0 |4 0 |6 FU674 |7 1 |9 56051 |a Arxiu |b Arxiu |d 2016-12-01 |l 0 |o FU-67-4 |p 24416 |r 2016-12-01 00:00:00 |w 2016-12-01 |y ARXIU | ||
| 999 | |c 59925 |d 59925 | ||
| 900 | |a bib_24416_baixa.pdf | ||